| 000 | 01299cam a2200313 a 4500 | ||
|---|---|---|---|
| 001 | 16213101 | ||
| 003 | USPCAS-E | ||
| 005 | 20180118181420.0 | ||
| 008 | 100501s2009 gw a b 001 0 eng | ||
| 010 | _a 2010287506 | ||
| 020 | _a9783527407828 | ||
| 040 |
_aDLC _cDLC _dDLC |
||
| 050 | 0 | 0 |
_aQC174.8 _b.R44 2009 |
| 082 |
_222 _a530.1595 _bREI-M 2009 |
||
| 100 | 1 | _aReichl, L. E. | |
| 245 | 1 | 2 |
_aA modern course in statistical physics / _cby Linda E. Reichl. |
| 250 | _a3rd rev. and updated ed. | ||
| 260 |
_aWeihheim : _bWiley, _cc2009. |
||
| 300 |
_axvi, 411 p. : _bill. ; _c24 cm. |
||
| 502 | _a. | ||
| 504 | _aIncludes bibliographical references (p. 397-401) and index. | ||
| 650 | 0 | _aStatistical physics. | |
| 856 | 4 | 1 |
_3Table of contents only _uhttp://www.loc.gov/catdir/enhancements/fy1009/2010287506-t.html |
| 856 | 4 | 2 |
_3Publisher description _uhttp://www.loc.gov/catdir/enhancements/fy1009/2010287506-d.html |
| 856 | 4 | 2 |
_3Contributor biographical information _uhttp://www.loc.gov/catdir/enhancements/fy1009/2010287506-b.html |
| 906 |
_a7 _bcbc _corigcop _d3 _eocip _f20 _gy-gencatlg |
||
| 942 |
_2ddc _cBK |
||
| 999 |
_c356000 _d356000 |
||